000 00967nam a22002297a 4500
003 OSt
005 20250905095647.0
008 231023b ||||| |||| 00| 0 eng d
040 _c0
082 _aDPer 155.205 J826 January-March 2020 v. 118 n. 1-3
100 _aThielmann, Isabel.
_eauthor.
_949774
245 _aSeeing me, seeing you :
_btesting competing accounts of assumed similarity in personality judgments /
_cIsabel Thielmann, Benjamin E. Hilbig, and Ingo Zettler.
260 _aWashington ;
_bAmerican Psychological Association ,
_cJanuary 2020.
300 _avolume 118, pages 172-198 :
_billustration ;
_c28 cm.
500 _aJournal of Personality and Social Psychology, vol. 118, no. 1, pages 172-198, January 2020.
650 _aPersonality.
_949775
650 _aValues.
_949776
700 _aThielmann, Isabel.
_eauthor.
_949774
700 _aHilbig, Benjamin E.
_eauthor.
_949777
700 _aZettler, Ingo.
_eauthor.
_949778
942 _2ddc
_cPER
999 _c18377
_d18377